| 000 | 00639cam a2200205 a 4500 | ||
|---|---|---|---|
| 001 | 000003955 | ||
| 005 | 20200929150635.0 | ||
| 008 | 700804s1970 nyua b 001 0beng | ||
| 040 |
_aDO-SdBNP _cDLC _dDLC |
||
| 082 |
_a923.173 _bM182T |
||
| 100 | 1 |
_aThane, Elswyth, _d1900-1984 _911892 |
|
| 245 | 1 | 0 |
_aDolley Madison : _bher life and times / _cElswyth Than. |
| 260 |
_aCanadá : _bCrowell-Collier Press, _c1970. |
||
| 300 |
_a184 p. : _bil. ; _c21 cm. |
||
| 490 | 1 | _aCrowell | |
| 504 | _aBibliografía : p. [179]-180. | ||
| 600 | 1 | 4 |
_aMadison, Dolley, _d1768-1849. _911893 |
| 830 | 0 |
_aCrowell. _911894 |
|
| 910 | _aCatalogación por copia / LC | ||
| 999 |
_c3774 _d3774 |
||